000
00271nam a22001097a 4500
008
240709b |||||||| |||| 00| 0 eng d
100
_a
Mnohardas, Kaudomal
_9
16729
245
_a
Sahitik Pushp
260
_a
Bombay:
_b
Lok Seva Mandal;
_c
1968.
300
_a
252p.
942
_c
BK
999
_c
39803
_d
39803